|
|
|
|
| LEADER |
00000nam0a2200000 4500 |
| 001 |
67884 |
| 005 |
20231031074227.0 |
| 010 |
|
|
|a 5947236702
|
| 035 |
|
|
|a (RuTPU)RU\TPU\book\72279
|
| 090 |
|
|
|a 67884
|
| 100 |
|
|
|a 20040927d2004 m y0rusy50 ca
|
| 101 |
0 |
|
|a rus
|
| 102 |
|
|
|a RU
|
| 105 |
|
|
|a a j 001zy
|
| 200 |
1 |
|
|a Уравнения математической физики. Решение задач в системе Maple
|f Д. П. Голоскоков
|
| 210 |
|
|
|a СПб.
|c Питер
|d 2004
|
| 215 |
|
|
|a 538 с.
|c ил.
|
| 225 |
1 |
|
|a Учебник для вузов
|
| 320 |
|
|
|a Библиогр.: с. 533-534
|
| 320 |
|
|
|a Алфавитный указатель: с. 535-538
|
| 610 |
1 |
|
|a математическая физика
|
| 610 |
1 |
|
|a учебники
|
| 610 |
1 |
|
|a задачи
|
| 610 |
1 |
|
|a решения
|
| 610 |
1 |
|
|a Maple
|
| 610 |
1 |
|
|a уравнения
|
| 610 |
1 |
|
|a метод Фурье
|
| 610 |
1 |
|
|a специальные функции
|
| 610 |
1 |
|
|a неоднородные задачи
|
| 610 |
1 |
|
|a преобразование Лапласа
|
| 610 |
1 |
|
|a интегральные уравнения
|
| 610 |
1 |
|
|a вариационное исчисление
|
| 675 |
|
|
|a 53:51(075.8)
|v 3
|
| 700 |
|
1 |
|a Голоскоков
|b Д. П.
|g Дмитрий Петрович
|
| 801 |
|
1 |
|a RU
|b 63413507
|c 20040927
|g PSBO
|
| 801 |
|
2 |
|a RU
|b 63413507
|c 20201117
|g PSBO
|
| 942 |
|
|
|c BK
|
| 959 |
|
|
|a 119/20040924
|d 5
|e 144
|f НФ:5
|